000 00413nam a22001217a 4500
999 _c9093
_d9093
003 OSt
008 201009b ||||| |||| 00| 0 eng d
245 _aJournal of Civil Engineering and Construction Review
250 _a2016(Mar Vol.29 No.3, Apr Vol.29 No.4, May Vol.29 No.5, Jun Vol.29 No.6, Dec Vol.29 No.12)
260 _aNew Delhi
_bTrend Set Engineers Pvt. Ltd.
650 _aCivil Engineering
942 _2ddc
_cBV